[Event "Bratislava Doprastav op"]
[Site "Bratislava"]
[Date "1997.??.??"]
[Round "6"]
[White "Marko, Ondrej"]
[Black "Samko, Karol"]
[Result "0-1"]
[WhiteElo "1775"]
[BlackElo "1945"]
[PlyCount "118"]
[EventDate "1997.??.??"]
[EventType "swiss"]
[EventRounds "9"]
[EventCountry "SVK"]
[SourceTitle "EXT 1999"]
[Source "ChessBase"]
[SourceDate "1998.11.16"]
[SourceVersion "1"]
[SourceVersionDate "1998.11.16"]
[SourceQuality "1"]

1. e4 c5 2. Nf3 d6 3. g3 g6 4. c4 Nc6 5. Bg2 Bg7 6. 0-0 Nf6 7. Re1 Be6 8. d3 Qc8 9. Ng5 Bd7 10. Nc3 h6 11. Nf3 Bg4 12. Nd5 Nd4 13. Nxf6+ Bxf6 14. Qa4+ Qc6 15. Qxc6+ Nxc6 16. a3 Bxf3 17. Bxf3 Bd4 18. Rb1 b6 19. b4 Ne5 20. Bg2 Nxd3 21. Re2 Rc8 22. Kf1 cxb4 23. Rd2 Nxc1 24. Rxd4 Na2 25. axb4 a5 26. bxa5 bxa5 27. Bh3 Rd8 28. c5 Nb4 29. cxd6 exd6 30. Rc1 0-0 31. Rc7 Rfe8 32. f3 Kf8 33. Bd7 Re7 34. Rxd6 Ra8 35. Rc4 Ra7 36. Rc8+ Kg7 37. Ba4 Rec7 38. Rb8 Na6 39. Rbb6 Nc5 40. Bc2 a4 41. Bb1 a3 42. Ba2 Na4 43. Rbc6 Nc3 44. Bb3 a2 45. Bxa2 Rxc6 46. Rxc6 Nxa2 47. Kg2 Nb4 48. Rb6 Nd3 49. Rb3 Ra2+ 50. Kg1 Nc1 51. Re3 Ne2+ 52. Kf1 Nd4 53. h4 h5 54. e5 Nf5 55. Rb3 Nxg3+ 56. Ke1 Re2+ 57. Kd1 Rxe5 58. f4 Rd5+ 59. Kc2 Nf5 0-1